[Event "LIB-chT"]
[Site "Beirut"]
[Date "2016.07.23"]
[Round "2.1"]
[White "El Ayyash, Rawad"]
[Black "Repka, Christopher"]
[Result "0-1"]
[WhiteElo "1859"]
[BlackElo "2478"]
[PlyCount "60"]
[EventDate "2016.07.22"]
[EventType "team-tourn"]
[EventRounds "9"]
[EventCountry "LBN"]
[SourceTitle "EXT 2017"]
[Source "ChessBase"]
[SourceDate "2016.10.25"]
[SourceVersion "1"]
[SourceVersionDate "2016.10.25"]
[SourceQuality "1"]
[WhiteTeam "Tanmiya"]
[BlackTeam "Homentmen"]
[WhiteTeamCountry "LBN"]
[BlackTeamCountry "LBN"]

1. d4 Nf6 2. c4 e6 3. Nc3 Bb4 4. Nf3 b6 5. Qb3 c5 6. e3 0-0 7. Bd2 Nc6 8. Qc2 cxd4 9. exd4 d5 10. a3 Bxc3 11. Bxc3 Ba6 12. Qa4 Qc8 13. Nd2 dxc4 14. Bxc4 Bxc4 15. Qxc4 Rd8 16. Rc1 b5 17. Qd3 Nxd4 18. 0-0 Nb3 19. Qxd8+ Qxd8 20. Nxb3 Nd5 21. Rfd1 Qg5 22. Bd4 Nf4 23. g3 Ne2+ 24. Kf1 Nxc1 25. Rxc1 Qd5 26. Rc3 a5 27. Bb6 b4 28. Rc5 Qxb3 29. Bxa5 bxa3 30. bxa3 Qxa3 0-1

[Event "Mediterranean-ch 10th"]
[Site "Beirut"]
[Date "2015.10.17"]
[Round "2"]
[White "Aristotelous, Vassilis"]
[Black "El Ayyash, Rawad"]
[Result "0-1"]
[WhiteElo "1983"]
[BlackElo "1825"]
[PlyCount "168"]
[EventDate "2015.10.16"]
[EventType "swiss"]
[EventRounds "9"]
[EventCountry "LBN"]
[SourceTitle "EXT 2018"]
[Source "ChessBase"]
[SourceDate "2017.10.13"]
[SourceVersion "1"]
[SourceVersionDate "2017.10.13"]
[SourceQuality "1"]

1. e4 d6 2. d4 c6 3. a4 Nf6 4. Nc3 Qa5 5. Bd2 Qc7 6. Nf3 e5 7. h3 h6 8. dxe5 dxe5 9. Bc4 Bc5 10. 0-0 0-0 11. Ne1 a5 12. Nd3 Bd4 13. Qf3 Qe7 14. Ne2 Bb6 15. Ng3 Nh7 16. Nf5 Qf6 17. Qg3 Bxf5 18. exf5 Nd7 19. Qg4 Rfe8 20. Rae1 Rad8 21. Kh1 Nhf8 22. f3 Re7 23. Bb3 Kh7 24. Qh5 Nc5 25. Nxc5 Bxc5 26. Bxa5 Rd4 27. Re4 g6 28. fxg6+ fxg6 29. Bg8+ Kxg8 30. Qxh6 Rxe4 31. Bd8 Rh4 32. Bxe7 Bxe7 33. Qe3 Rxa4 34. Qb3+ Kg7 35. Qxa4 Ne6 36. Qb3 b5 37. Qc3 Nd4 38. Re1 Bd6 39. Qd2 c5 40. c3 Nf5 41. Ra1 c4 42. Ra7+ Be7 43. Qd7 Kh6 44. Qd2+ g5 45. Qe1 Qd6 46. Qa1 Qd5 47. Ra6+ Bd6 48. Qe1 Kg7 49. Ra7+ Kg8 50. Ra1 e4 51. Rd1 Ng3+ 52. Kh2 Qe5 53. Rxd6 Nf5+ 54. g3 Nxd6 55. Qe3 Kf7 56. f4 gxf4 57. gxf4 Qd5 58. Qa7+ Kf6 59. Qb6 Kf5 60. Qb8 Qd2+ 61. Kg1 Qe3+ 62. Kg2 Qf3+ 63. Kg1 Qg3+ 64. Kf1 Qxh3+ 65. Ke1 Qg3+ 66. Kd1 Qg1+ 67. Ke2 Qg4+ 68. Ke1 Qg3+ 69. Kd1 Qd3+ 70. Ke1 Qb1+ 71. Ke2 Qxb2+ 72. Kf1 Qc1+ 73. Ke2 Qc2+ 74. Kf1 Qd1+ 75. Kg2 Qf3+ 76. Kg1 Qxf4 77. Qf8+ Kg4 78. Qg8+ Kf3 79. Qg2+ Ke3 80. Qh3+ Kd2 81. Qg2+ Kxc3 82. Qg7+ Kd3 83. Qh7 c3 84. Qh3+ Qe3+ 0-1

[Event "Mediterranean-ch 10th"]
[Site "Beirut"]
[Date "2015.10.16"]
[Round "1"]
[White "El Ayyash, Rawad"]
[Black "Mona, Khaled"]
[Result "0-1"]
[WhiteElo "1825"]
[BlackElo "2220"]
[PlyCount "92"]
[EventDate "2015.10.16"]
[EventType "swiss"]
[EventRounds "9"]
[EventCountry "LBN"]
[SourceTitle "EXT 2018"]
[Source "ChessBase"]
[SourceDate "2017.10.13"]
[SourceVersion "1"]
[SourceVersionDate "2017.10.13"]
[SourceQuality "1"]

1. d4 d5 2. c4 e6 3. Nc3 c6 4. cxd5 exd5 5. Nf3 Nf6 6. Qc2 Bb4 7. Bg5 Nbd7 8. e3 Qa5 9. Nd2 Ne4 10. Ndxe4 dxe4 11. Bh4 0-0 12. Be2 f5 13. 0-0 Nf6 14. a3 Bd6 15. h3 Be6 16. b4 Qc7 17. Rac1 Qf7 18. Na4 Kh8 19. Nc5 Nd5 20. Nxe6 Qxe6 21. Qb3 Qh6 22. b5 Qxh4 23. bxc6 bxc6 24. Rxc6 Qd8 25. f4 Ne7 26. Ra6 Bc7 27. Rc1 Bb6 28. a4 Rc8 29. Rb1 Nd5 30. Bc4 Nxe3 31. Be6 Qxd4 32. Rxb6 axb6 33. Bxc8 Rxc8 34. Qxb6 Qd2 35. Qb2 Qxb2 36. Rxb2 Rc1+ 37. Kh2 Kg8 38. Rb8+ Kf7 39. Rb7+ Kg6 40. Kg3 Rc2 41. a5 Rxg2+ 42. Kh4 Nd5 43. a6 Nxf4 44. Rb3 Kh6 45. Rb6+ Ng6+ 46. Rxg6+ hxg6 0-1

[Event "Beirut op 8th"]
[Site "Beirut"]
[Date "2015.09.26"]
[Round "8"]
[White "El Ayyash, Rawad"]
[Black "Jouni, Hassan"]
[Result "1-0"]
[WhiteElo "1801"]
[BlackElo "1844"]
[PlyCount "89"]
[EventDate "2015.09.19"]
[EventType "swiss"]
[EventRounds "9"]
[EventCountry "LBN"]
[SourceTitle "EXT 2016"]
[Source "ChessBase"]
[SourceDate "2015.10.08"]
[SourceVersion "1"]
[SourceVersionDate "2015.10.08"]
[SourceQuality "1"]

1. d4 d5 2. c4 c5 3. e3 cxd4 4. exd4 Nc6 5. Be3 Nf6 6. Nc3 Bf5 7. Qb3 Na5 8. Qa4+ Bd7 9. Qc2 Nxc4 10. Nxd5 Nxd5 11. Bxc4 Rc8 12. Qb3 Bc6 13. Ne2 e6 14. Bd2 Be7 15. 0-0 0-0 16. Rfd1 Bd6 17. Qh3 f5 18. a3 Qe7 19. Re1 Qf7 20. Nc3 Bd7 21. Ba2 Nc7 22. Re2 Rfe8 23. Rae1 Qf6 24. Qd3 g5 25. g3 Re7 26. b4 f4 27. Ne4 Qg6 28. Bc4 Ne8 29. f3 fxg3 30. hxg3 h6 31. Kg2 Bb8 32. Qb3 Ng7 33. Nc5 Bc6 34. d5 Bd7 35. Nxd7 Rxd7 36. dxe6 Re7 37. b5 Nf5 38. Bd3 Qf6 39. Bxf5 Qxf5 40. Bc3 Qc5 41. Bf6 Ree8 42. Qd3 h5 43. Qg6+ Kf8 44. Bxg5 Be5 45. Rxe5 1-0

[Event "Beirut Lasker Memoral-B"]
[Site "Beirut"]
[Date "2015.01.23"]
[Round "3"]
[White "El Ayyash, Rawad"]
[Black "Sharbel, Marwan"]
[Result "0-1"]
[WhiteElo "1813"]
[BlackElo "1974"]
[PlyCount "94"]
[EventDate "2015.01.21"]
[EventType "tourn"]
[EventRounds "11"]
[EventCountry "LBN"]
[SourceTitle "EXT 2018"]
[Source "ChessBase"]
[SourceDate "2017.10.13"]
[SourceVersion "1"]
[SourceVersionDate "2017.10.13"]
[SourceQuality "1"]

1. d4 Nf6 2. c4 e6 3. Nc3 d5 4. Nf3 c6 5. Bg5 h6 6. Bh4 dxc4 7. e4 g5 8. Bg3 b5 9. Be5 Nbd7 10. a4 Bb4 11. axb5 cxb5 12. Nd2 Bxc3 13. bxc3 Nxe5 14. dxe5 Nd7 15. Qb1 a6 16. Nf3 Qc7 17. Nd4 Bb7 18. Be2 0-0-0 19. 0-0 Qxe5 20. f3 Qc5 21. Kh1 Nf6 22. Rd1 h5 23. Qc1 g4 24. Qf4 Qe7 25. Qe3 gxf3 26. gxf3 Rdg8 27. Qf4 Nd7 28. Rg1 Nc5 29. Qe3 Qc7 30. Rg5 e5 31. Nf5 Ne6 32. Rxg8+ Rxg8 33. Rd1 Kb8 34. Rd6 Qc5 35. Qxc5 Nxc5 36. Ne7 Nxe4 37. Nxg8 Nxd6 38. h4 Nf5 39. Kg2 Nxh4+ 40. Kf2 Ng6 41. Nf6 h4 42. Bf1 Kc7 43. Ke3 Nf4 44. Kf2 a5 45. Ng4 Kd6 46. Ke3 a4 47. Nf2 a3 0-1

[Event "Sunny Beach op-C 13th"]
[Site "Sunny Beach"]
[Date "2014.09.12"]
[Round "7"]
[White "El Ayyash, Rawad"]
[Black "Malay, Sergey"]
[Result "0-1"]
[WhiteElo "1841"]
[BlackElo "1986"]
[PlyCount "70"]
[EventDate "2014.09.06"]
[EventType "swiss"]
[EventRounds "9"]
[EventCountry "BUL"]
[SourceTitle "CBM 162 Extra"]
[Source "ChessBase"]
[SourceDate "2014.10.17"]
[SourceVersion "1"]
[SourceVersionDate "2014.10.17"]
[SourceQuality "1"]

1. d4 f5 2. c4 Nf6 3. Nc3 g6 4. Nf3 Bg7 5. Qc2 0-0 6. e4 d6 7. Bd3 Nc6 8. a3 fxe4 9. Bxe4 Nxe4 10. Qxe4 Bf5 11. Qe3 Bg4 12. Ne2 Bxf3 13. gxf3 e5 14. d5 Nd4 15. Nxd4 exd4 16. Qe6+ Kh8 17. Qg4 Qf6 18. 0-0 Qxf3 19. Qxf3 Rxf3 20. Bd2 Be5 21. Kg2 Raf8 22. Rad1 Kg7 23. Bc1 h6 24. Rde1 b6 25. b4 Rc3 26. Bb2 Rxc4 27. Rc1 b5 28. h3 g5 29. Rfe1 Rf4 30. f3 Kf7 31. Rxc4 bxc4 32. Bc1 Rh4 33. b5 d3 34. Rd1 Rd4 35. Be3 c3 0-1

[Event "Francophone op 2nd"]
[Site "Beirut"]
[Date "2014.06.01"]
[Round "3"]
[White "El Ayyash, Rawad"]
[Black "Abdulaziz, Mahmoud"]
[Result "0-1"]
[WhiteElo "1801"]
[BlackElo "2094"]
[PlyCount "150"]
[EventDate "2014.05.31"]
[EventType "swiss"]
[EventRounds "9"]
[EventCountry "LBN"]
[SourceTitle "EXT 2015"]
[Source "ChessBase"]
[SourceDate "2014.11.20"]
[SourceVersion "1"]
[SourceVersionDate "2014.11.20"]
[SourceQuality "1"]

1. d4 Nf6 2. c4 c5 3. e3 g6 4. Nc3 Bg7 5. Nf3 0-0 6. Be2 cxd4 7. exd4 d5 8. c5 Nc6 9. Bb5 Ne4 10. Bxc6 bxc6 11. Bf4 Ba6 12. Qa4 Qc8 13. h3 f6 14. Nxe4 dxe4 15. Nd2 Bd3 16. Nc4 Qd7 17. Be3 Rab8 18. Rc1 f5 19. Bf4 Rb5 20. Be5 Bh6 21. Rc3 Qb7 22. a3 Qd7 23. b4 Bxc4 24. Rxc4 Bg7 25. 0-0 Bxe5 26. dxe5 Qe6 27. Qb3 Rfb8 28. Qc3 a5 29. Rd1 axb4 30. axb4 Kf7 31. f4 exf3 32. gxf3 g5 33. Rd2 R5b7 34. Qd4 Ra7 35. Rc3 Ra2 36. Rcd3 Rxd2 37. Rxd2 Qb3 38. Kg2 Rxb4 39. e6+ Kg6 40. Qd7 Kf6 41. Qxc6 Qxe6 42. Qa8 Rc4 43. Qf8+ Kg6 44. Qe8+ Kg7 45. Qb5 Kf7 46. Qb2 Rxc5 47. Qh8 Kg6 48. Qe8+ Kg7 49. Qa4 Qe3 50. Qa1+ Qe5 51. Qd1 Rb5 52. Qc2 h5 53. Re2 Qf6 54. Qd3 Re5 55. Rf2 Qd6 56. Qc3 Qf6 57. Kh2 h4 58. Qd2 Rb5 59. Rg2 Qd6+ 60. Qxd6 exd6 61. Rxg5+ Kf6 62. Rh5 Rb2+ 63. Kg1 Rb4 64. Kf2 Kg6 65. Rh8 Kg5 66. Rd8 Kf4 67. Rxd6 Rb2+ 68. Kg1 Rb1+ 69. Kf2 Rb2+ 70. Kg1 Kxf3 71. Rd3+ Ke4 72. Rd1 f4 73. Rf1 Ke3 74. Ra1 f3 75. Rf1 Kf4 0-1

[Event "Beirut op 7th"]
[Site "Beirut"]
[Date "2014.05.11"]
[Round "7"]
[White "El Ayyash, Rawad"]
[Black "Boricsev, Oleg"]
[Result "0-1"]
[WhiteElo "1801"]
[BlackElo "2319"]
[PlyCount "72"]
[EventDate "2014.05.06"]
[EventType "swiss"]
[EventRounds "9"]
[EventCountry "LBN"]
[SourceTitle "EXT 2016"]
[Source "ChessBase"]
[SourceDate "2015.10.08"]
[SourceVersion "1"]
[SourceVersionDate "2015.10.08"]
[SourceQuality "1"]

1. d4 d5 2. c4 e6 3. Nc3 c5 4. e3 Nf6 5. Nf3 Nc6 6. Be2 a6 7. 0-0 dxc4 8. Bxc4 b5 9. Bb3 Bb7 10. a3 cxd4 11. exd4 Na5 12. Ba2 Be7 13. b4 Rc8 14. Bb2 Nc4 15. Bxc4 Rxc4 16. Qd3 0-0 17. Rad1 Bxf3 18. gxf3 Nd5 19. Nxd5 exd5 20. Qf5 Bd6 21. Qh3 Rc2 22. Bc1 Re8 23. Be3 Rxe3 24. fxe3 Qg5+ 25. Kh1 Rxh2+ 26. Qxh2 Bxh2 27. Kxh2 Qxe3 28. Rfe1 Qf2+ 29. Kh1 Qxf3+ 30. Kh2 h5 31. Re8+ Kh7 32. Rde1 g5 33. R1e5 Kh6 34. Re3 Qf2+ 35. Kh1 g4 36. Re2 Qf1+ 0-1

[Event "Beirut op 7th"]
[Site "Beirut"]
[Date "2014.05.09"]
[Round "4"]
[White "Tarboush, Husam"]
[Black "El Ayyash, Rawad"]
[Result "0-1"]
[WhiteElo "2050"]
[BlackElo "1801"]
[PlyCount "120"]
[EventDate "2014.05.06"]
[EventType "swiss"]
[EventRounds "9"]
[EventCountry "LBN"]
[SourceTitle "EXT 2016"]
[Source "ChessBase"]
[SourceDate "2015.10.08"]
[SourceVersion "1"]
[SourceVersionDate "2015.10.08"]
[SourceQuality "1"]

1. e4 e6 2. d4 d5 3. Nd2 Nf6 4. e5 Nfd7 5. c3 c5 6. Ndf3 Nc6 7. Bd3 Qb6 8. Ne2 Be7 9. 0-0 a6 10. Re1 cxd4 11. cxd4 Qa5 12. a3 b5 13. Bd2 Qb6 14. b4 Bb7 15. Qb3 Rc8 16. Rac1 0-0 17. Bb1 f5 18. exf6 Bxf6 19. Qd3 g6 20. Nf4 Nxd4 21. Nxd4 Qxd4 22. Rxe6 Rxc1+ 23. Bxc1 Qxd3 24. Nxd3 Kf7 25. Rd6 Ke7 26. Bf4 Bd4 27. Ba2 Rxf4 28. Rxd7+ Kxd7 29. Nxf4 Kd6 30. Bb3 Bb2 31. a4 Bc6 32. axb5 axb5 33. f3 Bc3 34. Nd3 Bd7 35. g4 Be6 36. Kf2 g5 37. Bc2 h6 38. Ke3 d4+ 39. Ke4 Bd5+ 40. Kf5 Bxf3 41. Kg6 Bxg4 42. Kxh6 Bd2 43. Nf2 Bf3 44. Ne4+ Bxe4 45. Bxe4 Ke5 46. Bd3 Kf4 47. Bxb5 Bxb4 48. Kh5 Bd2 49. Be2 Be1 50. Kg6 Bh4 51. Kf6 Ke3 52. Bh5 d3 53. Ke5 d2 54. Kd5 Kf2 55. Ke4 Ke1 56. Bg4 d1Q 57. Bxd1 Kxd1 58. Kf3 Ke1 59. Kg2 Kd2 60. Kg1 Ke3 0-1

[Event "Kesarovski Georgiev Memorial 9th"]
[Site "Sunny Beach"]
[Date "2010.09.05"]
[Round "9"]
[White "Silhavy, Miroslav"]
[Black "El Ayyash, Rawad"]
[Result "1-0"]
[WhiteElo "1750"]
[BlackElo "1830"]
[PlyCount "90"]
[EventDate "2010.08.28"]
[EventType "swiss"]
[EventRounds "9"]
[EventCountry "BUL"]
[SourceTitle "CBM 138 Extra"]
[Source "ChessBase"]
[SourceDate "2010.10.29"]
[SourceVersion "1"]
[SourceVersionDate "2010.10.29"]
[SourceQuality "1"]

1. e4 d5 2. exd5 Qxd5 3. Nc3 Qd6 4. d4 a6 5. Nf3 Nf6 6. g3 b5 7. a3 Bb7 8. Bg2 e6 9. 0-0 Be7 10. Bf4 Qb6 11. Qe2 Nbd7 12. Rad1 0-0 13. d5 Rae8 14. dxe6 fxe6 15. Ne5 Nxe5 16. Bxb7 Qxb7 17. Bxe5 Bc5 18. Bxf6 Rxf6 19. Ne4 Rf5 20. Nxc5 Rxc5 21. Rd2 c6 22. Qg4 Rd5 23. Re2 Qd7 24. Rfe1 Rf5 25. Qb4 c5 26. Qa5 Qc6 27. Qc3 Rd5 28. Qf3 Qd7 29. Qg4 Rf5 30. Qe4 e5 31. Qe3 Qc6 32. f4 e4 33. Qf2 Rf7 34. Qg2 Rfe7 35. Re3 b4 36. axb4 cxb4 37. h3 a5 38. b3 g6 39. Kh2 Qd6 40. R1e2 Qd4 41. g4 Kh8 42. g5 Kg8 43. h4 Qd7 44. Rxe4 Qg4 45. Rxe7 Qxh4+ 1-0